000 00647nam a22002297a 4500
003 UA-OsUOA
001 100981
007 ta
008 20130603b un ||||| |||| 00| 0 ukr d
100 _aЧулаки М.
090 _a821.161.1
_bЧ-89
942 _cBK
040 _aUA-OsUOA
_brus
_cUA-OsUOA
_dUA-OsUOA
245 _aУ пяти углов
_bповести и рассказы
300 _a520 с.
955 _a3
041 _arus
080 _a821.161.1
260 _aЛенинград
_bСоветский писатель
_c1988
650 7 _a82 Література. Літературознавство
_2UDC
999 _c386981
_d386981